平成に消滅・改称した山口県の市町村 - Statistics

General Stats
  • This quiz has been taken 23 times
  • The average score is 29 of 48
Answer Stats
変更年月日 変更内容 回答 変更後の市町村 % Correct
2003.04/21 新設合併 徳山市 周南市
93%
2003.04/21 新設合併 新南陽市 周南市
86%
2004.10/01 新設合併 大島町 周防大島町
86%
2004.10/04 新設合併 光市 光市
79%
2005.02/13 新設合併 下関市 下関市
79%
2005.02/21 新設合併 柳井市 柳井市
79%
2005.03/06 新設合併 萩市 萩市
79%
2005.03/22 新設合併 長門市 長門市
79%
2005.03/22 新設合併 小野田市 山陽小野田市
79%
2005.10/01 新設合併 小郡町 山口市
79%
2006.03/20 新設合併 岩国市 岩国市
79%
2005.03/22 新設合併 山陽町 山陽小野田市
71%
2005.10/01 新設合併 山口市 山口市
71%
2005.10/01 新設合併 阿知須町 山口市
71%
2008.03/21 新設合併 美祢市 美祢市
71%
2010.01/16 編入合併 阿東町 山口市
71%
2005.02/13 新設合併 豊田町 下関市
64%
2005.02/13 新設合併 豊北町 下関市
64%
2005.10/01 新設合併 徳地町 山口市
64%
2006.03/20 新設合併 錦町 岩国市
64%
2004.10/01 新設合併 久賀町 周防大島町
57%
2004.10/01 新設合併 東和町 周防大島町
57%
2004.10/04 新設合併 大和町 光市
57%
2004.11/01 編入合併 楠町 宇部市
57%
2005.02/13 新設合併 菊川町 下関市
57%
2005.02/13 新設合併 豊浦町 下関市
57%
2006.03/20 新設合併 由宇町 岩国市
57%
2006.03/20 新設合併 玖珂町 岩国市
57%
2008.03/21 新設合併 美東町 美祢市
57%
2003.04/21 新設合併 熊毛町 周南市
50%
2003.04/21 新設合併 鹿野町 周南市
50%
2004.10/01 新設合併 橘町 周防大島町
50%
2005.02/21 新設合併 大畠町 柳井市
50%
2005.03/06 新設合併 むつみ村 萩市
50%
2005.03/06 新設合併 須佐町 萩市
50%
2005.03/22 新設合併 三隅町 長門市
50%
2005.10/01 新設合併 秋穂町 山口市
50%
2006.03/20 新設合併 周東町 岩国市
50%
2008.03/21 新設合併 秋芳町 美祢市
50%
2005.03/06 新設合併 田万川町 萩市
43%
2005.03/06 新設合併 旭村 萩市
43%
2005.03/22 新設合併 日置町 長門市
43%
2005.03/22 新設合併 油谷町 長門市
43%
2006.03/20 新設合併 本郷村 岩国市
43%
2006.03/20 新設合併 美和町 岩国市
43%
2005.03/06 新設合併 川上村 萩市
36%
2005.03/06 新設合併 福栄村 萩市
36%
2006.03/20 新設合併 美川町 岩国市
36%
No matching quizzes found
Score Distribution
Percent of People with Each Score
Percentile by Number Answered
Your Score History
You have not taken this quiz